01926cam a22003855a 45000010009000000050017000090080041000260200035000670200032001020200026001340200023001600400062001830420008002450430012002530820020002651000025002852450142003102500012004522600051004643000034005155040053005495200320006026500077009226500082009996500076010816500057011576500080012146510010012946530020013046550024013247000026013489420008013749990017013829520141013991702518120150519145548.0111028t2012 caua frbf 001 0 eng d a9781598848076 (acidfree paper) a1598848070 (acidfree paper) a9781610692366 (ebook) a1610692365 (ebook) aDLCbengcDLCdYDXdBTCTAdYDXCPdUAFdBDXdDLCdEG-ScBUE apcc an-us---00a016.33222bMOS1 aMoss, Rita W.93804510aStrauss's handbook of business information :ba guide for librarians, students, and researchers /cRita W. Moss and David G. Ernsthausen. a3rd ed. aSanta Barbara :bLibraries Unlimited,cc.2012. axix, 399 p. :bill. ;c26 cm. aIncludes bibliographical references and indexes. a"This new edition of Strauss's classic handbook will retain its place as an essential text for library students; an indispensable guide for practitioners in public, academic, and special libraries who deal with business inquiries; and a resource for entrepreneurs and business professionals"--Provided by publisher. 0aBusinessxReference booksvBibliographyvHandbooks, manuals, etc.2BUEsh 0aBusiness information serviceszUnited StatesvHandbooks, manuals, etc.2BUEsh 0aGovernment publicationszUnited StatesvHandbooks, manuals, etc.2BUEsh 0aBusinessvDatabasesvHandbooks, manuals, etc.2BUEsh 0aBusinessxElectronic information resourcesvHandbooks, manuals, etc.2BUEsh 2BUEsh bBUSADMcMay2015 vreading book9342321 aErnsthausen, David G. 2ddc c19378d19350 00102ddc40708BaccahaMAINbMAINcLOWd2015-05-19epurchaseg764.00h22487l0o016.33 MOSp000038254r2025-07-15 00:00:00v955.00yBB